000 00617nam a2200241Ia 4500
003 OSt
005 20221005131954.0
006 a|||||r|||| 00| 0
007 ta
008 221004b |||||||| |||| 00| 0 eng d
024 _a60975
037 _cTextual
040 _aCRL
_cCRL
_beng
041 _2eng
_aeng
082 _aU47:252, K5
100 _aLekh Raj Singh
_9640387
245 0 _aTarai region of U P
_b A study in human geography
260 _c1965
650 _a HUMAN GEOGRAPHY
650 _aGEOGRAPHY
942 _hU47:252, K5
_cTEXL
_2cc
999 _c1062017
_d1062017